<?xml version="1.0" encoding="UTF-8"?><?xml-stylesheet type="text/xsl" href="static/style.xsl"?><OAI-PMH xmlns="http://www.openarchives.org/OAI/2.0/" xmlns:xsi="http://www.w3.org/2001/XMLSchema-instance" xsi:schemaLocation="http://www.openarchives.org/OAI/2.0/ http://www.openarchives.org/OAI/2.0/OAI-PMH.xsd"><responseDate>2026-04-29T11:10:34Z</responseDate><request verb="GetRecord" identifier="oai:repisalud.isciii.es:20.500.12105/11581" metadataPrefix="marc">https://repisalud.isciii.es/rest/oai/request</request><GetRecord><record><header><identifier>oai:repisalud.isciii.es:20.500.12105/11581</identifier><datestamp>2024-11-29T11:16:43Z</datestamp><setSpec>com_20.500.12105_2052</setSpec><setSpec>com_20.500.12105_2051</setSpec><setSpec>com_20.500.12105_15322</setSpec><setSpec>col_20.500.12105_19609</setSpec><setSpec>col_20.500.12105_16982</setSpec></header><metadata><record xmlns="http://www.loc.gov/MARC21/slim" xmlns:dcterms="http://purl.org/dc/terms/" xmlns:doc="http://www.lyncode.com/xoai" xmlns:xsi="http://www.w3.org/2001/XMLSchema-instance" xsi:schemaLocation="http://www.loc.gov/MARC21/slim http://www.loc.gov/standards/marcxml/schema/MARC21slim.xsd">
   <leader>00925njm 22002777a 4500</leader>
   <datafield ind2=" " ind1=" " tag="042">
      <subfield code="a">dc</subfield>
   </datafield>
   <datafield ind2=" " ind1=" " tag="720">
      <subfield code="a">Perez-Vazquez, Maria</subfield>
      <subfield code="e">author</subfield>
   </datafield>
   <datafield ind2=" " ind1=" " tag="720">
      <subfield code="a">Oteo-Iglesias, Jesus</subfield>
      <subfield code="e">author</subfield>
   </datafield>
   <datafield ind2=" " ind1=" " tag="720">
      <subfield code="a">Sola-Campoy, Pedro Juan</subfield>
      <subfield code="e">author</subfield>
   </datafield>
   <datafield ind2=" " ind1=" " tag="720">
      <subfield code="a">Carrizo-Manzoni, Hugo</subfield>
      <subfield code="e">author</subfield>
   </datafield>
   <datafield ind2=" " ind1=" " tag="720">
      <subfield code="a">Bautista, Veronica</subfield>
      <subfield code="e">author</subfield>
   </datafield>
   <datafield ind2=" " ind1=" " tag="720">
      <subfield code="a">Lara Fuella, Noelia</subfield>
      <subfield code="e">author</subfield>
   </datafield>
   <datafield ind2=" " ind1=" " tag="720">
      <subfield code="a">Aracil, Belen</subfield>
      <subfield code="e">author</subfield>
   </datafield>
   <datafield ind2=" " ind1=" " tag="720">
      <subfield code="a">Alhambra, Almudena</subfield>
      <subfield code="e">author</subfield>
   </datafield>
   <datafield ind2=" " ind1=" " tag="720">
      <subfield code="a">Martínez-Martínez, Luis</subfield>
      <subfield code="e">author</subfield>
   </datafield>
   <datafield ind2=" " ind1=" " tag="720">
      <subfield code="a">Campos, Jose</subfield>
      <subfield code="e">author</subfield>
   </datafield>
   <datafield ind2=" " ind1=" " tag="260">
      <subfield code="c">2019</subfield>
   </datafield>
   <datafield ind2=" " ind1=" " tag="520">
      <subfield code="a">There is little information about carbapenemase-producing (CP) Klebsiella oxytoca, an important nosocomial pathogen. We characterized CP K. oxytoca isolates collected from different Spanish hospitals between January 2016 and October 2017. During the study period, 139 nonduplicate CP K. oxytoca isolates were identified; of these, 80 were studied in detail. Carbapenemase and extended-spectrum β-lactamase genes were identified by PCR and sequencing. Genetic relatedness was studied by pulsed-field gel electrophoresis (PFGE). Whole-genome sequencing (WGS), carried out on 12 representative isolates, was used to identify the resistome, to elucidate the phylogeny, and to determine the plasmids harboring carbapenemase genes. Forty-eight (60%) isolates produced VIM-1, 30 (37.5%) produced OXA-48, 3 (3.7%) produced KPC-2, 2 (2.5%) produced KPC-3, and 1 (1.2%) produced NDM-1; 4 isolates coproduced two carbapenemases. By PFGE, 69 patterns were obtained from the 80 CP K. oxytoca isolates, and four well-defined clusters were detected: cluster 1 consisted of 11 OXA-48-producing isolates, and the other three clusters included VIM-1-producing isolates (5, 3, and 3 isolates, respectively). In the 12 sequenced isolates, the average number of acquired resistance genes was significantly higher in VIM-1-producing isolates (10.8) than in OXA-48-producing isolates (2.3). All 12 isolates had chromosomally encoded genes of the blaOXY-2 genotype, and by multilocus sequence typing, most belonged to sequence type 2 (ST2). Carbapenemase genes were carried by IncL, IncHI2, IncFII, IncN, IncC, and IncP6 plasmid types. The emergence of CP K. oxytoca was principally due to the spread of VIM-1- and OXA-48-producing isolates in which VIM-1- and OXA-48 were carried by IncL, IncHI2, IncFII, and IncN plasmids. ST2 and the genotype blaOXY-2 predominated among the 12 sequenced isolates.</subfield>
   </datafield>
   <datafield ind1="8" ind2=" " tag="024">
      <subfield code="a">Antimicrob Agents Chemother  . 2019 May 24;63(6):e02529-18.</subfield>
   </datafield>
   <datafield ind1="8" ind2=" " tag="024">
      <subfield code="a">10.1128/AAC.02529-18</subfield>
   </datafield>
   <datafield ind1="8" ind2=" " tag="024">
      <subfield code="a">Antimicrobial agents and chemotherapy</subfield>
   </datafield>
   <datafield ind1="8" ind2=" " tag="024">
      <subfield code="a">30936106</subfield>
   </datafield>
   <datafield ind1="8" ind2=" " tag="024">
      <subfield code="a">http://hdl.handle.net/20.500.12105/11581</subfield>
   </datafield>
   <datafield tag="653" ind2=" " ind1=" ">
      <subfield code="a">Klebsiella oxytoca</subfield>
   </datafield>
   <datafield tag="653" ind2=" " ind1=" ">
      <subfield code="a">Carbapenemases</subfield>
   </datafield>
   <datafield tag="653" ind2=" " ind1=" ">
      <subfield code="a">cgMLST</subfield>
   </datafield>
   <datafield tag="653" ind2=" " ind1=" ">
      <subfield code="a">Plasmids</subfield>
   </datafield>
   <datafield tag="653" ind2=" " ind1=" ">
      <subfield code="a">Whole-genome sequencing</subfield>
   </datafield>
   <datafield ind2="0" ind1="0" tag="245">
      <subfield code="a">Characterization of Carbapenemase-Producing Klebsiella oxytoca in Spain, 2016-2017.</subfield>
   </datafield>
</record></metadata></record></GetRecord></OAI-PMH>